Indias's Foreign Policy/ (Record no. 194091)

MARC details
000 -LEADER
fixed length control field 00839nam a22002177a 4500
005 - DATE AND TIME OF LATEST TRANSACTION
control field 20251204165846.0
010 ## - LCCN (DPL NO)
LC control number B-746059-064 ENG-147209 E.N.A./7.11.22
020 ## - INTERNATIONAL STANDARD BOOK NUMBER
International Standard Book Number 9789383848645
Terms of availability 695.00
035 ## - SYSTEM CONTROL NUMBER
System control number B-746059-064
035 ## - SYSTEM CONTROL NUMBER
System control number EN-130741
037 ## - SOURCE OF ACQUISITION
Source of stock number/acquisition Asian Book Centre
037 ## - SOURCE OF ACQUISITION
Source of stock number/acquisition DBAD
082 ## - DEWEY DECIMAL CLASSIFICATION NUMBER
Classification number 327.54
245 ## - TITLE STATEMENT
Title Indias's Foreign Policy/
Statement of responsibility, etc Ed.by Vijay Kumar Verma
260 ## - PUBLICATION, DISTRIBUTION, ETC. (IMPRINT)
Place of publication, distribution, etc New Delhi
Name of publisher, distributor, etc Pinnacle Learning
Date of publication, distribution, etc 2021
270 ## - ADDRESS
Address 24, D.D.A. Shopping Complex Ber Sarai,
City New Delhi
Postal code 110016
Telephone number 9811592500
300 ## - PHYSICAL DESCRIPTION
Extent 518p.
Dimensions 22cm(pbk)
700 ## - ADDED ENTRY--PERSONAL NAME
Personal name Verma, Vijay Kumar
9 (RLIN) 85869
942 ## - ADDED ENTRY ELEMENTS (KOHA)
Source of classification or shelving scheme Dewey Decimal Classification
Item type English Books
Call number suffix VER
Classification part 327.54
Holdings
Withdrawn status Lost status Not for loan Collection code Home library Current library Date acquired Source of acquisition Cost, normal purchase price Full call number Barcode Copy number Cost, replacement price Koha item type
      Non-fiction Ashok Vihar Ashok Vihar 07/02/2023 Asian Book Centre/6090/28.11.22/143/23.11.22/3011.22 695.00 327.54 VER B-746061 1 695.00 English Books
      Non-fiction Central Library Central Library 07/02/2023 Asian Book Centre/6090/28.11.22/143/23.11.22/3011.22 695.00 327.54 VER B-746059 1 695.00 English Books
      Non-fiction Mobile Library Mobile Library 07/02/2023 Asian Book Centre/6090/28.11.22/143/23.11.22/3011.22 695.00 327.54 VER B-746060 1 695.00 English Books
      Non-fiction Mobile Library Mobile Library 04/12/2025 Delivery of Books Act Division 695.00 VER 327.54 EN-130741 1 695.00 English Books
      Non-fiction Patel Nagar Patel Nagar 07/02/2023 Asian Book Centre/6090/28.11.22/143/23.11.22/3011.22 695.00 327.54 VER B-746062 1 695.00 English Books
      Non-fiction Sarojini Nagar Sarojini Nagar 07/02/2023 Asian Book Centre/6090/28.11.22/143/23.11.22/3011.22 695.00 327.54 VER B-746063 1 695.00 English Books
      Non-fiction Shahdara Branch Shahdara Branch 07/02/2023 Asian Book Centre/6090/28.11.22/143/23.11.22/3011.22 695.00 327.54 VER B-746064 1 695.00 English Books

© Delhi Public Library
Hit Counter
free hit counter